000
00261nam a2200121Ia 4500
100
_a
Fomin/S
942
_c
BK
654
_a
Lathe
245
_a
Hand Book for Lathe Operators & Foremin
260
_b
Mir publishers
_c
2001
082
_a
621.9
546
_a
ENGLISH
999
_c
27440
_d
27440